Basic Civil Engineering (Record no. 306051)

MARC details
000 -LEADER
fixed length control field 00406nam a2200157Ia 4500
008 - FIXED-LENGTH DATA ELEMENTS--GENERAL INFORMATION
fixed length control field 230718s9999 xx 000 0 und d
041 ## - LANGUAGE CODE
Language code of text/sound track or separate title eng
082 ## - DEWEY DECIMAL CLASSIFICATION NUMBER
Classification number 624
Item number LON
100 ## - MAIN ENTRY--PERSONAL NAME
Personal name Londhe S.N.
245 ## - TITLE STATEMENT
Title Basic Civil Engineering
260 ## - PUBLICATION, DISTRIBUTION, ETC. (IMPRINT)
Date of publication, distribution, etc. 2003
Name of publisher, distributor, etc. Tech-Max Publications
300 ## - PHYSICAL DESCRIPTION
Extent 377
365 ## - TRADE PRICE
Currency code Rs.
Price amount 195.00
700 ## - ADDED ENTRY--PERSONAL NAME
Personal name Londhe S.N.,Shastri S.S.& Nikam N.G.
9 (RLIN) 188146
906 ## - LOCAL DATA ELEMENT F, LDF (RLIN)
c ALLIED
b 29.25
Holdings
Withdrawn status Lost status Damaged status Not for loan Home library Current library Date acquired Vendor Budget Code Cost, normal purchase price Full call number Barcode Date last seen Discount Cost, replacement price Bill Date Koha item type Original Barcode
Withdrawn       Cummins College of Engineering for Women Pune Cummins College of Engineering for Women Pune 06/10/2003 MBS ALLIED 165.75 624 CCEP-BK-17258 18/07/2023 29.25 195.00 15/05/2005 Books 017258